000 00207 a2200097 4500
020 _a9788126474349
100 _aM. Nandakumar
245 _aKathakal(കഥകൾ)
260 _bD C books
_c2019
942 _cOO
999 _c115325
_d115324